000
00319nam a2200121Ia 4500
008
220204s9999 xx 000 0 und d
082
_a
301.151
_b
COO
100
_a
Aiderfer, C P
245
0
_a
Advances in experimental social processes. V 1
260
_a
Chichester
_b
Wiley
_c
x1978
700
_a
Cooper, C L
942
_c
BK
999
_c
34836
_d
34836